000 00328nam a2200133Ia 4500
008 240624s9999 xx 000 0 und d
041 _aeng
082 _a658.4012 DAY
100 _aDAY GEORGE S
245 _aWHARTON ON DYNAMIC COMPETITIVE STRATEGY
260 _c2004
_aNew Jersey
_bWiley
300 _a480 : p.
365 _c
_b26
999 _c23957
_d23957